000 00359nam a2200157Ia 4500
003 OSt
005 20240318112155.0
008 170524s9999 xx 000 0 und d
020 _a0471289272
040 _cIIMTU MEERUT
100 _aKnight - John B.
245 0 _aQuantity food production
260 _bJohn wiley& sons
260 _c2000
942 _2ddc
_c02
999 _c6853
_d6853